000 00364nam a2200133Ia 4500
003 GCL
008 140319s9999 xx 000 0 ara d
040 _aGCL /
_cGCL
082 0 4 _a813.01
_bم ع
245 1 0 _aالعشاء السفلى: رواية
260 _a[S.N] :
_bدار توبقال للنشر ،
_c1987
300 _a61 ص
490 _aنصوص ادبية
_v0
999 _c32068
_d32068